| 000 | 00479nam a2200121Ia 4500 | ||
|---|---|---|---|
| 008 | 220615s9999||||xx |||||||||||||| ||und|| | ||
| 100 | _aMichal Kopecek | ||
| 245 | 0 | _aPast in the Making | |
| 546 | _aEnglish[eng] | ||
| 650 | _apolitics||memory||Holocaust||revisionism||historiography||post-1989||morality||Hungarian revolution||post-Soviet Estonia||nationalism||communism||Centraland Eastern Europe||Soviet Union | ||
| 856 | _uhttp://books.openedition.org/ceup/1571 | ||
| 942 | _cEB | ||
| 999 |
_c14169 _d14169 |
||